Estados de Venezuela (con mapa) - Estadísticas

Estadísticas generales
  • Esta prueba ha sido intentada 2.863 veces
  • La puntuación promedio es 14 de 25
Respuestas en el mapa
Las respuestas están codificadas por una escala verde-roja en el mapa de la prueba según el % correcto abajo.
 
Estadísticas de respuestas
Provincias % Correcto
Distrito Capital
93%
Amazonas
82%
Bolívar
76%
Zulia
74%
Mérida
66%
Táchira
62%
Carabobo
61%
Falcón
61%
Anzoátegui
58%
Lara
57%
Sucre
57%
Barinas
55%
Miranda
55%
Nueva Esparta
55%
Delta Amacuro
54%
Trujillo
54%
Portuguesa
51%
Guárico
50%
Apure
49%
Monagas
49%
Aragua
48%
Yaracuy
46%
Vargas
45%
Cojedes
44%
Dependencias Federales
33%
No se encontraron pruebas coincidentes
Distribución de puntuación
Porcentaje de gente con cada puntuación
Porcentaje por número respondido
Historial de tus puntuaciones
No has intentado esta prueba.